Pays avec littoral - Carte quiz - Statistiques

Statistiques générales
  • Ce quiz a été pris 223 fois
    191 depuis la dernière actualisation
  • Le résultat moyen est 97 sur 151
Réponses sur la Carte
Les réponses sont colorées sur une échelle allant du rouge au vert en fonction du pourcentage des utilisateurs qui les ont devinées à leur premier essai. Vous pouvez retrouver ces pourcentages ci-dessous.
 
Statistiques - réponses
Pays % Correct
Canada
98%
États-Unis
98%
Mexique
98%
Brésil
97%
Argentine
96%
France
96%
Russie
95%
Venezuela
95%
Espagne
94%
Portugal
94%
Chili
92%
Colombie
92%
Norvège
91%
Cuba
90%
Royaume-Uni
89%
Suède
89%
Danemark
88%
Italie
88%
Maroc
88%
Pérou
88%
Algérie
87%
Finlande
87%
Allemagne
86%
Égypte
86%
Équateur
86%
Panama
86%
Uruguay
86%
Inde
85%
Irlande
85%
Islande
85%
Chine
84%
Guyana
84%
Haiti
84%
Honduras
84%
Tunisie
84%
Turquie
83%
Australie
81%
Belize
80%
Costa Rica
80%
Libye
80%
Nicaragua
80%
Pays-Bas
80%
Salvador
80%
Suriname
80%
Grèce
79%
Guatemala
79%
Belgique
78%
Madagascar
78%
Afrique du Sud
77%
Japon
77%
République Dominicaine
77%
Arabie Saoudite
75%
Yemen
75%
Indonésie
74%
Pologne
73%
Oman
71%
Estonie
69%
Iran
69%
Jamaique
69%
Somalie
69%
Croatie
68%
Lettonie
67%
Sénégal
67%
Bahamas
66%
Lituanie
66%
Viet-Nam
66%
Angola
65%
Israel
65%
Thailande
65%
Albanie
64%
Chypre
63%
Corée du Sud
63%
Corée du Nord
62%
Namibie
62%
Philippines
62%
Mauritanie
61%
Mozambique
61%
Ukraine
61%
Malte
60%
Syrie
60%
Guinée
59%
République Démocratique du Congo
59%
Tanzanie
59%
Cambodge
58%
Émirats Arabes Unis
57%
Kenya
57%
Roumanie
57%
Benin
56%
Bulgarie
56%
Gabon
56%
Irak
56%
Pakistan
56%
République du Congo
56%
Birmanie
55%
Cote d'Ivoire
55%
Érythree
55%
Ghana
55%
Qatar
55%
Sainte-Lucie
55%
Saint-Vincent-et-les-Grenadines
55%
Sri Lanka
55%
Togo
55%
Bosnie-Herzégovine
54%
Cap-Vert
54%
Liban
54%
Malaisie
54%
Dominique
53%
Cameroun
52%
Monténégro
52%
Nouvelle-Zélande
52%
Saint-Christophe-et-Niévès
52%
Seychelles
51%
Slovénie
51%
Comores
50%
Djibouti
49%
Guinée-Bissau
49%
Koweit
49%
Nigeria
49%
Trinité-et-Tobago
49%
Gambie
48%
Grenade
48%
Libéria
48%
Maldives
48%
Soudan
48%
Barbade
47%
Papouasie-Nouvelle-Guinée
47%
Antigua-et-Barbuda
46%
Ile Maurice
46%
Bangladesh
45%
Guinée équatoriale
45%
Sierra Leone
45%
Sao-Tome-et-Principe
44%
Taiwan
42%
Monaco
41%
Bahrein
40%
Samoa
39%
Géorgie
38%
Jordanie
38%
Nauru
38%
Tonga
38%
Fidji
36%
Iles Marshall
36%
Kiribati
36%
Micronésie
36%
Salomon
36%
Singapour
36%
Palaos
35%
Tuvalu
34%
Vanuatu
34%
Brunei
32%
Timor Oriental
30%
Aucun quiz correspondant
Distribution des résultats
% des personnes avec chaque résultat
Percentile par nombre de réponses
Votre historique - résultats
Vous n’avez pas pris ce quiz depuis la dernière actualisation